Chambers key-word dictionary (Record no. 61248)

000 -LEADER
fixed length control field 00674nam a22001817a 4500
003 - CONTROL NUMBER IDENTIFIER
control field NUST-PNEC
005 - DATE AND TIME OF LATEST TRANSACTION
control field 20170116180718.0
008 - FIXED-LENGTH DATA ELEMENTS--GENERAL INFORMATION
fixed length control field 141022b xxu||||| |||| 00| 0 eng d
020 ## - INTERNATIONAL STANDARD BOOK NUMBER
International Standard Book Number 0550140808
040 ## - CATALOGING SOURCE
Transcribing agency PNEC
082 ## - DEWEY DECIMAL CLASSIFICATION NUMBER
Classification number 423.1 CHA
245 ## - TITLE STATEMENT
Title Chambers key-word dictionary
260 ## - PUBLICATION, DISTRIBUTION, ETC.
Place of publication, distribution, etc. Edinburgh :
Name of publisher, distributor, etc. Chambers,
Date of publication, distribution, etc. ©1998.
300 ## - PHYSICAL DESCRIPTION
Extent viii, 343 p. :
Other physical details ill. :
Dimensions 20 cm.
500 ## - GENERAL NOTE
General note http://www.amazon.com/Chambers-Key-word-Dictionary/dp/0550140808/ref=sr_1_1?s=books&ie=UTF8&qid=1413966477&sr=1-1&keywords=0550140808 https://www.worldcat.org/title/chambers-key-word-dictionary/oclc/52085837&referer=brief_results
650 ## - SUBJECT ADDED ENTRY--TOPICAL TERM
General subdivision Dictionaries
942 ## - ADDED ENTRY ELEMENTS (KOHA)
Source of classification or shelving scheme
Koha item type Book
Holdings
Withdrawn status Lost status Source of classification or shelving scheme Damaged status Not for loan Permanent Location Current Location Shelving location Date acquired Source of acquisition Cost, normal purchase price Total Checkouts Full call number Barcode Date last seen Cost, replacement price Price effective from Koha item type
          Pakistan Navy Engineering College (PNEC) Pakistan Navy Engineering College (PNEC) Reference 09/12/2000 Paramount Publishing Enterprise 345.00   423.1 CHA PNECLIB-022762 10/22/2014 345.00 09/12/2000 Book
© 2023 Central Library, National University of Sciences and Technology. All Rights Reserved.